[Event "Wiesbaden op 29th"]
[Site "Wiesbaden"]
[Date "2017.08.27"]
[Round "6"]
[White "Flach, Erich"]
[Black "Arns, Alexander"]
[Result "1-0"]
[WhiteElo "2105"]
[BlackElo "1891"]
[PlyCount "79"]
[EventDate "2017.08.24"]
[EventType "swiss"]
[EventRounds "7"]
[EventCountry "GER"]
[SourceTitle "CBM 180 Extra"]
[Source "ChessBase"]
[SourceDate "2017.10.06"]
[SourceVersion "1"]
[SourceVersionDate "2017.10.06"]
[SourceQuality "1"]

1. c4 Nf6 2. Nc3 e6 3. d4 Bb4 4. Qc2 0-0 5. Bg5 d5 6. e3 Nbd7 7. cxd5 exd5 8. Bd3 h6 9. Bh4 c6 10. Nf3 Re8 11. 0-0 Qa5 12. Ne2 Bd6 13. Bg3 Qc7 14. b4 Nh5 15. Bxd6 Qxd6 16. b5 c5 17. dxc5 Nxc5 18. Rac1 b6 19. Nc3 Nf6 20. Na4 Nxd3 21. Qxd3 Bb7 22. h3 Ne4 23. Qd4 Re7 24. Qb2 f5 25. Nd4 Rf7 26. Ne2 g5 27. f3 Ng3 28. Nxg3 Qxg3 29. Qd4 Re8 30. Nc3 Qe5 31. Rfe1 Rfe7 32. Kf2 Qd6 33. Re2 Re5 34. Rce1 Rc8 35. Rd2 Rce8 36. Rd3 Rc8 37. e4 Rc4 38. Qxc4 fxe4 39. Qd4 Rf5 40. Nxe4 1-0

[Event "Wiesbaden op 26th"]
[Site "Wiesbaden"]
[Date "2014.08.31"]
[Round "6"]
[White "Arns, Alexander"]
[Black "Roth, Michael"]
[Result "1-0"]
[WhiteElo "1725"]
[BlackElo "1600"]
[PlyCount "83"]
[EventDate "2014.08.28"]
[EventType "swiss"]
[EventRounds "7"]
[EventCountry "GER"]
[SourceTitle "CBM 162 Extra"]
[Source "ChessBase"]
[SourceDate "2014.10.17"]
[SourceVersion "1"]
[SourceVersionDate "2014.10.17"]
[SourceQuality "1"]

1. e4 e5 2. Nf3 Nc6 3. Bb5 Bc5 4. 0-0 Qf6 5. c3 Nce7 6. d4 exd4 7. cxd4 Bb6 8. Nc3 c6 9. Bc4 d6 10. e5 Qg6 11. exd6 Qxd6 12. Ne4 Qc7 13. Re1 Bg4 14. Bxf7+ Kf8 15. Neg5 Qd6 16. Be6 Nh6 17. Bxg4 Nxg4 18. Ne6+ Kg8 19. Bf4 Qd7 20. h3 Nf6 21. Qb3 Nfd5 22. Bg5 h6 23. Bxe7 Qxe7 24. Nf4 Qd6 25. Nxd5 cxd5 26. Re5 Kh7 27. Rxd5 Qf4 28. Qd3+ Kg8 29. Re1 Rf8 30. Qc4 Kh7 31. Qd3+ Kg8 32. Re7 Qc1+ 33. Kh2 Qf4+ 34. Kg1 Qc1+ 35. Re1 Qf4 36. Qb3 Kh7 37. Qc2+ Kg8 38. Rd7 Qf5 39. Qb3+ Kh7 40. Ree7 Qb1+ 41. Kh2 Rc8 42. Rxg7# 1-0

[Event "Wiesbaden op 26th"]
[Site "Wiesbaden"]
[Date "2014.08.30"]
[Round "4"]
[White "Arns, Alexander"]
[Black "Marten, Gero"]
[Result "1/2-1/2"]
[WhiteElo "1725"]
[BlackElo "2032"]
[PlyCount "26"]
[EventDate "2014.08.28"]
[EventType "swiss"]
[EventRounds "7"]
[EventCountry "GER"]
[SourceTitle "CBM 162 Extra"]
[Source "ChessBase"]
[SourceDate "2014.10.17"]
[SourceVersion "1"]
[SourceVersionDate "2014.10.17"]
[SourceQuality "1"]

1. c4 c5 2. g3 Nc6 3. Bg2 g6 4. Nc3 Bg7 5. Rb1 e5 6. e4 Nge7 7. Nge2 0-0 8. 0-0 d6 9. d3 a6 10. a3 Rb8 11. b4 cxb4 12. axb4 b5 13. cxb5 axb5 1/2-1/2

[Event "Wiesbaden op 26th"]
[Site "Wiesbaden"]
[Date "2014.08.29"]
[Round "2"]
[White "Arns, Alexander"]
[Black "Raitor, Sven"]
[Result "1-0"]
[WhiteElo "1725"]
[BlackElo "1493"]
[PlyCount "109"]
[EventDate "2014.08.28"]
[EventType "swiss"]
[EventRounds "7"]
[EventCountry "GER"]
[SourceTitle "CBM 162 Extra"]
[Source "ChessBase"]
[SourceDate "2014.10.17"]
[SourceVersion "1"]
[SourceVersionDate "2014.10.17"]
[SourceQuality "1"]

1. e4 e5 2. Nf3 Nc6 3. Bb5 Nf6 4. 0-0 Be7 5. Re1 0-0 6. c3 a6 7. Ba4 b5 8. Bc2 Bc5 9. d4 Bb6 10. Bg5 d6 11. h3 h6 12. Bh4 Bb7 13. d5 Ne7 14. Nbd2 Ng6 15. Bg3 Nh5 16. Nf1 Ngf4 17. Bxf4 Nxf4 18. Ne3 Bc8 19. Kh2 Bd7 20. Ng1 Qc8 21. Qf3 Bxe3 22. fxe3 Ng6 23. Rf1 Qd8 24. Rf2 c5 25. dxc6 Be6 26. Bb3 Bxb3 27. axb3 Qc7 28. Ne2 Qxc6 29. Ng3 Qd7 30. Rd1 Qe6 31. b4 Rad8 32. Rfd2 Rd7 33. Nf5 Rfd8 34. Qg4 Qf6 35. Ng3 Qe6 36. Nf5 Qf6 37. Ra1 Ra7 38. Rf1 Qg5 39. Qxg5 hxg5 40. Rfd1 Rad7 41. Rxd6 Nf8 42. R6d5 f6 43. Ne7+ Kf7 44. Nc6 Rxd5 45. Nxd8+ Rxd8 46. Rxd8 Ne6 47. Rd6 Ke7 48. Rxa6 Nc7 49. Rc6 Kd7 50. Rc5 g6 51. Kg3 Kd6 52. b3 Kd7 53. c4 bxc4 54. bxc4 Na6 55. Rd5+ 1-0

[Event "GER-ch U25 op-B"]
[Site "Oberhof"]
[Date "2012.06.02"]
[Round "9"]
[White "Arns, Alexander"]
[Black "Schier, Lukas"]
[Result "1-0"]
[WhiteElo "1452"]
[BlackElo "1272"]
[PlyCount "89"]
[EventDate "2012.05.27"]
[EventType "swiss"]
[EventRounds "9"]
[EventCountry "GER"]
[SourceTitle "CBM 148 Extra"]
[Source "ChessBase"]
[SourceDate "2012.06.22"]
[SourceVersion "1"]
[SourceVersionDate "2012.06.22"]
[SourceQuality "1"]

1. e4 e5 2. Nf3 Nc6 3. Bb5 a6 4. Ba4 Bc5 5. 0-0 b5 6. Bb3 Nf6 7. Re1 0-0 8. c3 d6 9. h3 Re8 10. Bc2 Bb6 11. d4 exd4 12. cxd4 Nb4 13. Nc3 Nxc2 14. Qxc2 Bb7 15. Bg5 c5 16. d5 c4 17. Rad1 Rc8 18. Nd4 Bc5 19. Nf5 Rc7 20. Kf1 Bc8 21. Nd4 Bb7 22. Re3 Re5 23. f4 Re8 24. Ree1 Bb4 25. Re2 Ba8 26. Nf5 Bb7 27. b3 Bc5 28. e5 dxe5 29. fxe5 h6 30. Nxh6+ gxh6 31. Bxf6 Qd7 32. Qd2 Qf5+ 33. Ke1 Kh7 34. Qc2 Bc8 35. g4 Qxc2 36. Rxc2 h5 37. d6 Rd7 38. Ne4 Bb6 39. Be7 hxg4 40. Nf6+ Kg6 41. Nxe8 gxh3 42. Nf6 Bg1 43. Nxd7 Bxd7 44. Rdd2 Kf5 45. Bf6 1-0

[Event "GER-ch U25 op-B"]
[Site "Oberhof"]
[Date "2012.06.01"]
[Round "8"]
[White "Suvorov, Alexander David"]
[Black "Arns, Alexander"]
[Result "1-0"]
[WhiteElo "1223"]
[BlackElo "1452"]
[PlyCount "77"]
[EventDate "2012.05.27"]
[EventType "swiss"]
[EventRounds "9"]
[EventCountry "GER"]
[SourceTitle "CBM 148 Extra"]
[Source "ChessBase"]
[SourceDate "2012.06.22"]
[SourceVersion "1"]
[SourceVersionDate "2012.06.22"]
[SourceQuality "1"]

1. d4 Nf6 2. Nf3 c5 3. c4 g6 4. Nc3 cxd4 5. Nxd4 d6 6. Bg5 Bg7 7. e3 Qb6 8. Rb1 Nc6 9. Be2 Nxd4 10. exd4 Be6 11. 0-0 0-0 12. b3 Rfe8 13. Qd2 Rac8 14. Be3 Bf5 15. Bd3 Bxd3 16. Qxd3 a6 17. d5 Qc7 18. Na4 Nd7 19. Bd4 Ne5 20. Qc3 Qb8 21. f4 b5 22. Nb6 Ng4 23. Nxc8 Bxd4+ 24. Qxd4 Rxc8 25. h3 Nf6 26. g4 Qb7 27. cxb5 Qxb5 28. Rbc1 Rd8 29. Rfd1 Nd7 30. Qa7 Qc5+ 31. Rxc5 Nxc5 32. Qxe7 Rd7 33. Qe8+ Kg7 34. b4 Rb7 35. bxc5 dxc5 36. d6 c4 37. d7 c3 38. d8Q c2 39. Qf8# 1-0

[Event "GER-ch U25 op-B"]
[Site "Oberhof"]
[Date "2012.05.29"]
[Round "5"]
[White "Arns, Alexander"]
[Black "Giede, Anna Blume"]
[Result "1-0"]
[WhiteElo "1452"]
[BlackElo "1250"]
[PlyCount "59"]
[EventDate "2012.05.27"]
[EventType "swiss"]
[EventRounds "9"]
[EventCountry "GER"]
[SourceTitle "CBM 148 Extra"]
[Source "ChessBase"]
[SourceDate "2012.06.22"]
[SourceVersion "1"]
[SourceVersionDate "2012.06.22"]
[SourceQuality "1"]

1. c4 e5 2. d3 Nc6 3. g3 Bb4+ 4. Bd2 Bxd2+ 5. Qxd2 d5 6. Bg2 dxc4 7. dxc4 Qxd2+ 8. Nxd2 Nf6 9. Ngf3 0-0 10. 0-0 Bg4 11. Rfe1 Rad8 12. Nf1 h6 13. Ne3 Be6 14. Red1 Nh5 15. b3 f6 16. Nh4 Kh7 17. Be4+ Kg8 18. Nef5 Bf7 19. e3 g5 20. Nxh6+ Kg7 21. N4f5+ Kh8 22. Rxd8 Rxd8 23. Nxf7+ Kg8 24. Nxd8 Nxd8 25. g4 Ng7 26. Nxg7 Kxg7 27. Rd1 Nc6 28. Bxc6 bxc6 29. Rd7+ Kg6 30. Rxc7 1-0